| 000 | 00442nam a22001817a 4500 | ||
|---|---|---|---|
| 003 | CEME | ||
| 005 | 20210628201718.0 | ||
| 008 | 210215b xxu||||| |||| 00| 0 eng d | ||
| 020 | _a981-235-979-6 | ||
| 040 | _c. | ||
| 082 | _a004.67 SMI | ||
| 100 |
_aSmith, Richard.E _956469 |
||
| 245 | _aInternet cryptography | ||
| 260 |
_aINDIA _bADDISON WESLEY _c2000 |
||
| 300 | _aXX,355P | ||
| 650 |
_aINTERNET SECURITY _956470 |
||
| 942 |
_cBK _2ddc |
||
| 999 |
_c566873 _d566873 |
||